1294 1113 1616 1227 1433 1329 1319 1476 1887 1782 1918 1598 1728 1606 1256 1800 1544 1774 1833 1536 1326 1291 1727 1265 1840 1919 1371 1010 1608 1981 1978 1414 1694 1681 1189 1793 1081 1160 1851 1422 1472 1449 1858 1942 1076 1330 1703 1574 1933 1924 1472 1638 1800 1362 1224 1342 1125 1539 1250 1449 1404 1380 1524 1504 1209 1579 1143 1234 1015 1594 1380 1936 1728 1489 1956 1305 1717 1466 1639 1697 1397 1528 1492 1484 1358 1747 1014 1243 1156 1720 1670 1471 1710 1626 1907 1195 1598 1844 1485 BCNSPRNW ULIB Ver.6.0+V

เปลี่ยนเป็นภาษาไทย

Change to English
 แสดงรายละเอียดบรรณานุกรม
  กลับหน้าหลัก

Brief Record : Get Marc (ISO 2709) : E-mail record : QR code < ปิดหน้าต่าง
LEADER : 00000nam 2200000uu 4500
001    13399109254
003     ULIB
008    110325s2548||||th 000 0 tha d
020    9742964114
060 04 WA540^bส848ร 2548
245 00 รายงานสมัชชาสุขภาพแห่งชาติ พ.ศ.2548/^cสำนักงานปฏิรูประบบสุขภาพแห่งชาติ ; บรรณาธิการ: สรุณีพิพัฒน์โรจนกมล, กรกนก ตันตระกูล, วรรณวิมล ขวัญยาใจ
250    พิมพ์ครั้งที่ 1
260    กรุงเทพฯ :^bวิคตอเรีย อิมเมจ,^c2548
300     368 หน้า :^bภาพประกอบ ;^c30 ซม.
310    รายปี
536    สนับสนุนโดย สำนักงานกองทุนสนับสนุนการสร้างเสริมสุขภาพ(สสส.), สำนักงานวิจัยระบบสาธารณสุข (สวรส.), กระทรวงสาธารณสุข
650  7 การปฏิรูประบบสาธารณสุข^vรายปี^zไทย
650  7 การส่งเสริมสุขภาพ^vรายปี^zไทย
650  7 นโยบายด้านสุขภาพ^vรายปี^zไทย
700 0  สรุณี พิพัฒน์โรจนกมล,^eบรรณาธิการ
700 0  กรกนก ตันตระกูล,^eบรรณาธิการ
700 0  วรรณวิมล ขวัญยาใจ,^eบรรณาธิการ
710 2  สำนักงานปฏิรูประบบสุขภาพแห่งชาติ
710 2  สำนักงานกองทุนสนับสนุนการสร้างเสริมสุขภาพ
710 2  สำนักงานวิจัยระบบสาธารณสุข
710 2  กระทรวงสาธารณสุข
995    ศพร
999 ^a ใช้งานได้ทุกระบบ
รายการนี้ยังไม่มีแท็ก
คุณยังไม่ได้ล็อกอิน คุณสามารถมีกิจกรรมร่วมกับเว็บไซต์ได้ แต่ต้องล็อกอินก่อน ::
  ล็อกอิน

รายการสื่อสารสนเทศ

ลำดับที่ ประเภท เลขเรียก/บาร์โค้ด สถานที่ สถานะ
- ไม่พบข้อมูล -

BibComment


ยังไม่เคยถูกคอมเมนท์

คอมเมนท์ทรัพยากรรายการนี้
  คอมเมนท์: รายงานสมัชชาสุขภา..


 Copyright 2026. Bcnsprnw @Library